000 00669nam a22002657a 4500
003 UA-OsUOA
001 32229
007 ta
008 20050127b un ||||| |||| 00| 0 ukr d
100 _aХортщански Г.
700 _aВиммер В.
700 _aБертольд Л.
090 _a929:141.82
_bТ31
942 _cBK
040 _aUA-OsUOA
_brus
_cUA-OsUOA
_dUA-OsUOA
245 _aЭрнст Тельман
_bбиография
300 _a559 с.
_bІлюстрації
955 _a2
041 _arus
080 _a929:141.82
260 _aМосква
_bПолитиздат
_c1984
044 _aRU
650 7 _2UDC
999 _c318668
_d318668